Responses for Show #6621 - Monday, June 3, 2013

Contestants

[<< previous game]

J Tarter-Fox, a customer service representative from Cincinnati, Ohio

Patti Duplaga, a high school librarian from Akron, Ohio

Kirk Nelson, a structural engineer from Seattle, Washington (whose 1-day cash winnings total $18,200)

[next game >>]

Jeopardy! Round responses

FAMOUS NAMES
MANGIA!
INSTRUMENTAL ROCKERS
(Alex: You have to name the person's main instrument.)
CATS IN PROVERBS
OFFICIAL STATE STUFF
CURTAINS
    $200 9
Nicholas II

J
    $200 16
minestrone

Patti
    $200 2
the guitar

J
    $200 15
Curiousity

Patti
    $200 1
Delaware

J
    $200 26
Let's Make a Deal

J
    $400 10
Socrates

J
    $400 17
risotto

Triple Stumper
    $400 3
the drums

J
    $400 22
play

Kirk
    $1,000 5
the Evergreen State

Kirk
    $400 27
a shower curtain

J
    $600 11
(Mark) Zuckerberg

J
    $600 18
antipasto

Patti
    $600 4
the saxophone

Kirk
    $600 23
skin

J
    $600 6
Colorado

Kirk
    $600 28
a castle

J
    $800 12
(Adlai) Stevenson

Patti
    $800 19
Alfredo

Patti
    $800 14
the bass

Kirk
    $800 24
(J: What is blind?)

grey

PattiJ
    $800 7
(Patti: What is lava?)

black coral

Patti
Triple Stumper
    $800 29
The Wizard of Oz

Patti
    $1000 13
the Vanderbilts

J
    $1000 20
gnocchi

J
    $1000 21
a flute

J
    $1000 25
gloves

Triple Stumper
    $1000 8
Alabama

Kirk
    $1000 30
the Bamboo Curtain

Patti

Scores at the first commercial break (after clue 15):

Kirk Patti J
$4,000 $200 $3,000

Scores at the end of the Jeopardy! Round:

Kirk Patti J
$4,400 $4,400 $6,000

Double Jeopardy! Round responses

ROMANCE IN LITERATURE
MUSEUMS OF THE WORLD
CALL TRIPLE A
(Alex: Each correct response will have three A's in it.)
ASIAN LANGUAGES
SEAN PENN
MIGHTIER THAN THE SWORD
    $400 3
Rhett Butler

J
    $400 1
[Kirk selected the first clue.]

the Louvre

Kirk
    $400 25
a bandana

Patti
    $400 16
India

Kirk
    $400 21
Haiti

J
    $400 11
a grenade

Patti
    $800 4
The Bridges of Madison County

J
    $800 2
the Vatican

J
    $800 26
mascara

J
    $800 17
Hebrew

Triple Stumper
    $800 22
Harvey Milk

J
    $800 12
mustard gas

J
    $1200 5
Anna Karenina

J
    $1200 8
the Rijksmuseum

Kirk
    $1200 28
(Kirk: ... uhhh ....)

a castaway

KirkJ
    $1200 18
Farsi

Kirk
    $1200 23
Robin Wright Penn

J
    $1200 13
the Raptor

J
    $1600 6
Les Miserables

J
    $1600 9
the Uffizi

Kirk
    $1600 29
an avatar

Kirk
    $1600 19
Mandarin

J
    $1600 24
Fast Times at Ridgemont High

Kirk
    $1600 14
(Kirk: What's the Minuteman?)

the Peacekeeper

Kirk
Triple Stumper
    $2000 7
The Sun Also Rises

Patti
    $2,500 10
the Tate

Kirk
    $2000 30
a charlatan

J
    $4,000 20
Indonesia

J
    $2000 27
All the King's Men

J
    $2000 15
a Predator

J

Scores at the end of the Double Jeopardy! Round:

Kirk Patti J
$12,100 $7,200 $28,800
(lock game)

[wagering suggestions for these scores]

Final Jeopardy! Round responses

EUROPEAN HISTORY
PattiWho was Louis 14th?
$7,000
KirkWho is Henry 8
$2,300
JWho is Lius Louis XIV
$4,500
Louis XIV

Final scores:

Kirk Patti J
$9,800 $14,200 $33,300
3rd place: $1,000 2nd place: $2,000 New champion: $33,300

Game dynamics:

Coryat scores:

Kirk Patti J
$11,000 $7,200 $26,800
14 R
(including 2 DDs),
2 W
11 R,
1 W
30 R
(including 1 DD),
1 W

Combined Coryat: $45,000

[game clues] [game scores] [suggest correction]

Game tape date: 2013-01-30
The J! Archive is created by fans, for fans. Scraping, republication, monetization, and malicious use prohibited; this site may use cookies and collect identifying information. See terms. The Jeopardy! game show and all elements thereof, including but not limited to copyright and trademark thereto, are the property of Jeopardy Productions, Inc. and are protected under law. This website is not affiliated with, sponsored by, or operated by Jeopardy Productions, Inc. Join the discussion at JBoard.tv.